| 000 | 00612nam a2200229 a 4500 | ||
|---|---|---|---|
| 001 | 19557 | ||
| 003 | CO-ViMGA | ||
| 008 | 141112s2004 ck r 000 u spa d | ||
| 020 | _a6586074986 | ||
| 040 |
_aCO-ViMGA _bspa _cCO-ViMGA |
||
| 082 | 0 | 4 | _a158.24 B515a |
| 100 | 1 |
_aBlank, Renold J. _928249 |
|
| 245 | 1 | 0 | _aAprender a amar en pareja |
| 260 |
_aBogotá : _bSan Pablo; 2001 |
||
| 300 | _a75 p. | ||
| 490 | _aFamilia; segunda serie | ||
| 590 | _aForma de adquisición : Premio Mincultura | ||
| 650 | 1 | 4 |
_aAMOR - TEOLOGIA _918104 |
| 650 | 1 | 4 | _aFAMILIA |
| 650 | 1 | 4 | _aRELACIONES DE PAREJA |
| 942 |
_2ddc _cBK |
||
| 999 |
_c28697 _d28697 |
||